000 00699nam a2200193 a 4500
001 000023545
005 20200930022310.0
008 090630s1999 dr 000 0 spa d
040 _aDO-SdBNP
_bspa
_cBNPHU
082 _axxxx
_bxxxx
100 1 _aMartínez de los Santos, Roberto
_98599
245 1 3 _aLo que tiene que saber y hacer el contribuyente /
_cRoberto Martínez de los Santos,.
260 _aSanto Domingo :
_bimpresora vargas,
_c1999.
300 _av. 1 ;
_c23 cm.
500 _aRequesitos y procedimientos para las gestiones civiles, comerciales y tributarias en República Dominicana
500 _aLa biblioteca posee el v. 1
504 _aBibliografía : p. 171-172
049 _aBNPD
999 _c23041
_d23041